<?xml version="1.0" encoding="UTF-8"?>
<record
    xmlns:xsi="http://www.w3.org/2001/XMLSchema-instance"
    xsi:schemaLocation="http://www.loc.gov/MARC21/slim http://www.loc.gov/standards/marcxml/schema/MARC21slim.xsd"
    xmlns="http://www.loc.gov/MARC21/slim">

  <leader>00519nam a2200145Ia 4500</leader>
  <controlfield tag="008">230917s9999||||xx |||||||||||||| ||und||</controlfield>
  <datafield tag="040" ind1=" " ind2=" ">
    <subfield code="e">144095</subfield>
    <subfield code="a">MAIN</subfield>
  </datafield>
  <datafield tag="041" ind1=" " ind2=" ">
    <subfield code="a">English</subfield>
  </datafield>
  <datafield tag="082" ind1=" " ind2=" ">
    <subfield code="a">370.03 R18E</subfield>
  </datafield>
  <datafield tag="100" ind1=" " ind2=" ">
    <subfield code="a">Rao, Digumarti Bhaskara, ed.</subfield>
  </datafield>
  <datafield tag="245" ind1=" " ind2="0">
    <subfield code="a">Encyclopaedia of education for all. 5V. V1- The World Conference;V2- EFA-9 Summit;  V3- Quality education for all; V4- Planning and monitoring; V5- The Indian scenario</subfield>
  </datafield>
  <datafield tag="260" ind1=" " ind2=" ">
    <subfield code="a">New Delhi</subfield>
    <subfield code="b">APH Publishing Corporation</subfield>
    <subfield code="c">1996</subfield>
  </datafield>
  <datafield tag="300" ind1=" " ind2=" ">
    <subfield code="a">v. p.</subfield>
  </datafield>
  <datafield tag="942" ind1=" " ind2=" ">
    <subfield code="c">BK</subfield>
  </datafield>
  <datafield tag="952" ind1=" " ind2=" ">
    <subfield code="0">0</subfield>
    <subfield code="1">0</subfield>
    <subfield code="4">0</subfield>
    <subfield code="6">370_030000000000000_R18E</subfield>
    <subfield code="7">0</subfield>
    <subfield code="9">143490</subfield>
    <subfield code="a">MAIN</subfield>
    <subfield code="b">MAIN</subfield>
    <subfield code="d">2010-03-11</subfield>
    <subfield code="l">0</subfield>
    <subfield code="o">370.03 R18E</subfield>
    <subfield code="p">177644</subfield>
    <subfield code="r">2023-09-17 21:05:40</subfield>
    <subfield code="w">2023-09-17</subfield>
    <subfield code="y">BK</subfield>
  </datafield>
  <datafield tag="952" ind1=" " ind2=" ">
    <subfield code="0">0</subfield>
    <subfield code="1">0</subfield>
    <subfield code="4">0</subfield>
    <subfield code="6">370_030000000000000_R18E</subfield>
    <subfield code="7">0</subfield>
    <subfield code="9">143491</subfield>
    <subfield code="a">MAIN</subfield>
    <subfield code="b">MAIN</subfield>
    <subfield code="d">2010-03-11</subfield>
    <subfield code="l">0</subfield>
    <subfield code="o">370.03 R18E</subfield>
    <subfield code="p">177645</subfield>
    <subfield code="r">2023-09-17 21:05:40</subfield>
    <subfield code="w">2023-09-17</subfield>
    <subfield code="y">BK</subfield>
  </datafield>
  <datafield tag="952" ind1=" " ind2=" ">
    <subfield code="0">0</subfield>
    <subfield code="1">0</subfield>
    <subfield code="4">0</subfield>
    <subfield code="6">370_030000000000000_R18E</subfield>
    <subfield code="7">0</subfield>
    <subfield code="9">143492</subfield>
    <subfield code="a">MAIN</subfield>
    <subfield code="b">MAIN</subfield>
    <subfield code="d">2010-03-11</subfield>
    <subfield code="l">0</subfield>
    <subfield code="o">370.03 R18E</subfield>
    <subfield code="p">177646</subfield>
    <subfield code="r">2023-09-17 21:05:40</subfield>
    <subfield code="w">2023-09-17</subfield>
    <subfield code="y">BK</subfield>
  </datafield>
  <datafield tag="952" ind1=" " ind2=" ">
    <subfield code="0">0</subfield>
    <subfield code="1">0</subfield>
    <subfield code="4">0</subfield>
    <subfield code="6">370_030000000000000_R18E</subfield>
    <subfield code="7">0</subfield>
    <subfield code="9">143493</subfield>
    <subfield code="a">MAIN</subfield>
    <subfield code="b">MAIN</subfield>
    <subfield code="d">2010-03-11</subfield>
    <subfield code="l">0</subfield>
    <subfield code="o">370.03 R18E</subfield>
    <subfield code="p">177647</subfield>
    <subfield code="r">2023-09-17 21:05:40</subfield>
    <subfield code="w">2023-09-17</subfield>
    <subfield code="y">BK</subfield>
  </datafield>
  <datafield tag="952" ind1=" " ind2=" ">
    <subfield code="0">0</subfield>
    <subfield code="1">0</subfield>
    <subfield code="4">0</subfield>
    <subfield code="6">370_030000000000000_R18E</subfield>
    <subfield code="7">0</subfield>
    <subfield code="9">143494</subfield>
    <subfield code="a">MAIN</subfield>
    <subfield code="b">MAIN</subfield>
    <subfield code="d">2010-03-11</subfield>
    <subfield code="l">0</subfield>
    <subfield code="o">370.03 R18E</subfield>
    <subfield code="p">177648</subfield>
    <subfield code="r">2023-09-17 21:05:40</subfield>
    <subfield code="w">2023-09-17</subfield>
    <subfield code="y">BK</subfield>
  </datafield>
  <datafield tag="999" ind1=" " ind2=" ">
    <subfield code="c">95394</subfield>
    <subfield code="d">95394</subfield>
  </datafield>
</record>
